Catálogo
 En Linea
Vista normal Vista MARC

Entrada Nombre personal

Número de registros utilizados en: 1

001 - NÚMERO DE CONTROL

  • campo de control: 48956

003 - IDENTIFICADOR DEL NÚMERO DE CONTROL

  • campo de control: BNPHU

005 - FECHA Y HORA DE LA ÚLTIMA TRANSACCIÓN

  • campo de control: 20240301135144.0

008 - DATOS DE LONGITUD FIJA

  • campo de control de longitud fija: 200615|| aca||aabn | a|a d

040 ## - FUENTE DE LA CATALOGACIÓN

  • Centro catalogador/agencia de origen: DO-SdBNP
  • Lengua de catalogación: spa
  • Centro/agencia transcriptor: BNPHU
  • Normas de descripción: rda

100 1# - ENCABEZAMIENTO-NOMBRE DE PERSONA

  • Nombre de persona: Kelly, Francis J.,
  • Fechas asociadas al nombre: 1905-
  • Forma completa/desarrollada del nombre: (Francis John),

400 1# - TRAZADO DE VÉASE--NOMBRE DE PERSONA

  • Nombre de persona: J. Kelly, Francis,

670 ## - FUENTE DE DATOS ENCONTRADOS

  • Cita de la fuente: Work cat.: (OSt)23281: Kelly, Francis J., Psicología educacional :, 1972.

670 ## - FUENTE DE DATOS ENCONTRADOS

  • Cita de la fuente: OCLC, Sept. 7, 2004 |b (hdg.: Kelly, Francis John, 1905- ; usage: Francis J. Kelly)

Con tecnología Koha